000 01211nam a2200313 a 4500
001 ebr10477688
003 CaPaEBR
006 m u
007 cr cn|||||||||
008 110707r20041993enk sb 001 0 eng d
020 _z1855753960
020 _z9781855753969
020 _z9781849404303 (e-book)
040 _aCaPaEBR
_cCaPaEBR
035 _a(OCoLC)733944193
050 1 4 _aRC509
_b.E34 2004eb
100 1 _aEigen, Michael.
245 1 4 _aThe electrified tightrope
_h[electronic resource] /
_cMichael Eigen ; edited by Adam Phillips.
260 _aLondon ;
_aNew York :
_bKarnac Books,
_c2004.
300 _axxviii, 289 p.
500 _aFirst published in 1993 by Jason Aronson Inc., NJ, USA.
504 _aIncludes bibliographical references and index.
533 _aElectronic reproduction.
_bPalo Alto, Calif. :
_cebrary,
_d2011.
_nAvailable via World Wide Web.
_nAccess may be limited to ebrary affiliated libraries.
650 0 _aPsychoanalysis.
655 7 _aElectronic books.
_2local
700 1 _aPhillips, Adam.
710 2 _aebrary, Inc.
856 4 0 _uhttp://site.ebrary.com/lib/rucke/Doc?id=10477688
_zAn electronic book accessible through the World Wide Web; click to view
999 _c222405
_d222405